Countries bordering a Country whose names is 3 times Shorter - Statistics

General Stats
  • This quiz has been taken 68 times
  • The average score is 31 of 44
Answer Stats
COUNTRY % Correct
Chad
85%
Democratic Republic of the Congo
85%
Democratic Republic of the Congo
85%
Democratic Republic of the Congo
85%
Democratic Republic of the Congo
85%
Democratic Republic of the Congo
85%
Democratic Republic of the Congo
85%
Republic of the Congo
84%
Republic of the Congo
84%
Central African Republic
82%
Central African Republic
82%
Central African Republic
82%
Oman
82%
Oman
82%
Saudi Arabia
82%
Saudi Arabia
82%
Mali
78%
Mali
78%
Rwanda
78%
Iraq
75%
Burundi
73%
Togo
73%
United Arab Emirates
73%
Angola
71%
Angola
71%
Burkina Faso
71%
Burkina Faso
71%
Iran
71%
Uganda
69%
Gabon
67%
Gabon
67%
Zambia
67%
Sudan
65%
Turkmenistan
60%
Equatorial Guinea
58%
Cameroon
56%
Cote d'Ivoire
47%
Tanzania
47%
Dominican Republic
42%
Bosnia and Herzegovina
38%
Bosnia and Herzegovina
38%
Haiti
38%
Serbia
38%
Croatia
36%
No matching quizzes found
Score Distribution
Percent of People with Each Score
Percentile by Number Answered
Your Score History
You have not taken this quiz